| 000 | 00492nam a2200181Ia 4500 | ||
|---|---|---|---|
| 008 | 251023s9999 xx 000 0 und d | ||
| 082 | _a306.368 D131s 1971 HNA | ||
| 100 |
_aDahrendorf, Ralf _925100 |
||
| 245 | 0 | _a Sociología de la industria y de la empresa. | |
| 250 | _a2a. edición | ||
| 260 | _aUTEHA | ||
| 260 | _bDistrito Federal, México | ||
| 260 | _c1971 | ||
| 300 | _a172p. | ||
| 650 |
_aCooperación _911898 |
||
| 650 |
_aDivisión del trabajo _98813 |
||
| 942 |
_cLIBRO _2ddc |
||
| 999 |
_c19322 _d19322 |
||